Инвестиционное обеспечение инновационных проектов; Прогрессивные технологии и экономика в машиностроении

מידע ביבליוגרפי
Parent link:Прогрессивные технологии и экономика в машиностроении.— 2009.— С. 184-186
מחבר ראשי: Вилисова А. И.
מחברים אחרים: Борисова Н. М. (научный руководитель)
שפה:רוסית
יצא לאור: 2009
נושאים:
פורמט: Book Chapter
KOHA link:https://koha.lib.tpu.ru/cgi-bin/koha/opac-detail.pl?biblionumber=174857

MARC

LEADER 00000naa2a2200000 4500
001 174857
005 20231031164930.0
035 |a (RuTPU)RU\TPU\book\189605 
090 |a 174857 
100 |a 20100204d2009 k y0rusy50 ca 
101 0 |a rus 
102 |a RU 
200 1 |a Инвестиционное обеспечение инновационных проектов   |f А. И. Вилисова  |g науч. рук. Н. М. Борисова 
463 0 |0 (RuTPU)RU\TPU\book\182778  |t Прогрессивные технологии и экономика в машиностроении  |o труды XIII региональной научно-практической конференции студентов и учащейся молодежи , 9-10 апреля 2009 г., Юрга  |f Томский политехнический университет (ТПУ), Юргинский технологический институт (ЮТИ) ; Прогрессивные технологии и экономика в машиностроении ; отв. за вып. Д. А. Чинахов  |v С. 184-186  |d 2009  |p 357 с. 
610 1 |a инновационные проекты 
610 1 |a инвестиции 
610 1 |a инновации 
610 1 |a рынок 
610 1 |a финансовое обеспечение 
610 1 |a труды учёных ТПУ 
700 1 |a Вилисова  |b А. И. 
702 1 |a Борисова  |b Н. М.  |4 727 
801 1 |a RU  |b 63413507  |c 20100204 
801 2 |a RU  |b 63413507  |c 20100204  |g RCR 
942 |c BK